| 000 | 00410pab a2200157 454500 | ||
|---|---|---|---|
| 008 | 180718b2008 xxu||||| |||| 00| 0 eng d | ||
| 100 | _aNiazi, Aftab A. | ||
| 245 | _aPerformance appraisal or performance management | ||
| 260 | _c2008 | ||
| 300 | _ap.77-82. | ||
| 362 | _aApr-Jun | ||
| 650 | _aPerformance appraisal | ||
| 773 | _aIndian Journal of Training and Development | ||
| 908 | _aN | ||
| 909 | _a79692 | ||
| 999 |
_c79692 _d79692 |
||